Technical standards for the Australian television service determined by the Australian Broadcasting Control Board in pursuance of the Broadcasting and television act, 1942-1973.

Saved in:
Bibliografiske detaljer
Institution som forfatter: Australian Broadcasting Control Board
Format: Bog
Sprog:English
Udgivet: Melbourne : The Board, 1974.
Udgivelse:3rd ed.
Fag:
LEADER 01030nam a2200253 a 4500
001 c000186859
003 CARM
005 20000712102745.0
008 811020s1974 at a 000 0 eng d
019 1 |a 2701216  |z 22523608  |5 LACONCORD2021 
035 |a (OCoLC)220344164  |5 LACONCORD2021 
040 |a QUT  |b eng  |c QUT  |d QUT  |d ANL 
042 |a anuc 
043 |a u-at--- 
082 0 4 |a 621.38800994  |2 21 
110 2 |a Australian Broadcasting Control Board. 
245 1 0 |a Technical standards for the Australian television service determined by the Australian Broadcasting Control Board in pursuance of the Broadcasting and television act, 1942-1973. 
250 |a 3rd ed. 
260 |a Melbourne :  |b The Board,  |c 1974. 
300 |a 17 p. :  |b ill. ;  |c 24 cm. 
650 0 |a Television  |x Standards  |z Australia. 
852 8 |b CARM  |h A2:AN16G0  |i C08372  |p 0261095  |f BK 
999 f f |i 28f46818-92f1-58cd-895d-a3c1d1170114  |s 8c23b9fd-c698-5130-8587-72b638d429a0 
952 f f |p Can circulate  |a CAVAL  |b CAVAL  |c CAVAL  |d CARM 1 Store  |e C08372  |f A2:AN16G0  |h Other scheme  |i book  |m 0261095